[Event "CE Selecciones Autonómicas U14"]
[Site "Padrón"]
[Date "2017.06.22"]
[Round "1.1"]
[White "Tabuenca Mendataurigoitia, Pedro"]
[Black "Gomez Carreno, Martin"]
[Result "0-1"]
[WhiteElo "1451"]
[BlackElo "2051"]
[PlyCount "193"]
[EventDate "2017.06.22"]
[EventType ""]
[EventRounds "6"]
[EventCountry "ESP"]
[WhiteTeam "Cantabria (U14)"]
[BlackTeam "Galicia (U14)"]
[WhiteTeamCountry "ESP"]
[BlackTeamCountry "ESP"]

1. e4 Nc6 2. Nf3 d6 3. d4 Nf6 4. Nc3 Bg4 5. Bb5 a6 6. Be2 e6 7. O-O Be7 8. h3
Bh5 9. Re1 d5 10. e5 Ne4 11. Nxe4 dxe4 12. Nh2 Bxe2 13. Qxe2 Qxd4 14. Qxe4 Bc5
15. Qxd4 Bxd4 16. Nf3 O-O-O 17. c3 Bb6 18. Bg5 Rd7 19. Rad1 Rxd1 20. Rxd1 h6
21. Bh4 g5 22. Bg3 Ne7 23. c4 Nf5 24. Bh2 Rg8 25. g4 Ne7 26. Kf1 Ng6 27. b3 c6
28. Ke2 Kc7 29. Bg3 Bc5 30. Rd2 Be7 31. Rd1 a5 32. Rb1 Rd8 33. a4 Bb4 34. Rd1
Rg8 35. Rg1 Be7 36. Rd1 Rh8 37. Ng1 Ra8 38. Rc1 Ba3 39. Rc2 Ra6 40. Nf3 Rb6 41.
Nd2 Bb4 42. Nf3 Bf8 43. Rb2 Rb4 44. Ne1 Rb6 45. Nd3 Bg7 46. Rb1 Ra6 47. Rd1 Ra8
48. f3 b6 49. Rc1 c5 50. Rf1 Rf8 51. Re1 Rd8 52. Rd1 Rd4 53. Rh1 Kc6 54. Rd1
Rd8 55. Bh2 Rh8 56. Bg3 Kc7 57. Rf1 Rf8 58. Re1 Ne7 59. Rd1 Nc6 60. Kf2 Nd4 61.
Nc1 Kc6 62. Kg2 Kc7 63. Kf2 Kc8 64. Kg2 Kb7 65. Rd2 Re8 66. Rd1 Kc7 67. Kf2 Nc6
68. Nd3 Rd8 69. Ke3 Bxe5 70. Nxe5 Rxd1 71. Nxf7+ Kd7 72. Nxh6 Rh1 73. Nf7 Rxh3
74. Kf2 Nd4 75. Kg2 Rh7 76. Nxg5 Rg7 77. Ne4 Rf7 78. Ng5 Rf8 79. Be5 Ne2 80.
Ne4 Nd4 81. f4 Nc6 82. Bd6 Rf7 83. g5 Ne7 84. Kf3 Ng6 85. Kg4 Rf5 86. Ng3 Rf7
87. Ne4 Kc6 88. Bb8 Rh7 89. Kg3 Rb7 90. Bd6 Rd7 91. Bb8 Rd8 92. Bd6 Rxd6 93.
Nxd6 Kxd6 94. Kf3 Nh4+ 95. Ke4 Nf5 96. g6 Ke7 97. Ke5 0-1

[Event "CE Selecciones Autonómicas U14"]
[Site "Padrón"]
[Date "2017.06.22"]
[Round "1.2"]
[White "Fernandez Lopez, Ruben"]
[Black "San Miguel Torre, Saul"]
[Result "1-0"]
[WhiteElo "1982"]
[BlackElo "1233"]
[PlyCount "47"]
[EventDate "2017.06.22"]
[EventType ""]
[EventRounds "6"]
[EventCountry "ESP"]
[WhiteTeam "Galicia (U14)"]
[BlackTeam "Cantabria (U14)"]
[WhiteTeamCountry "ESP"]
[BlackTeamCountry "ESP"]

1. e4 c5 2. Nc3 d6 3. Nge2 Nf6 4. d4 cxd4 5. Nxd4 a6 6. Be3 e5 7. Nf3 Be7 8.
Bc4 Nc6 9. O-O O-O 10. Qe2 Na5 11. Bb3 Nxb3 12. cxb3 h6 13. Rfd1 Be6 14. Nxe5
Qa5 15. Nc4 Bxc4 16. bxc4 Rac8 17. Nd5 Nxd5 18. Rxd5 Qc7 19. b3 Rfd8 20. Rad1
Bf6 21. Qd2 Be7 22. Bxh6 gxh6 23. Qxh6 Bf8 24. Rg5+ 1-0

[Event "CE Selecciones Autonómicas U14"]
[Site "Padrón"]
[Date "2017.06.22"]
[Round "1.3"]
[White "Abian Lopez, Marta"]
[Black "Quintas Fernandez, Marta"]
[Result "0-1"]
[WhiteElo "1169"]
[BlackElo "1376"]
[PlyCount "66"]
[EventDate "2017.06.22"]
[EventType ""]
[EventRounds "6"]
[EventCountry "ESP"]
[WhiteTeam "Cantabria (U14)"]
[BlackTeam "Galicia (U14)"]
[WhiteTeamCountry "ESP"]
[BlackTeamCountry "ESP"]

1. e4 e5 2. Nf3 Nc6 3. d4 exd4 4. Bc4 Bc5 5. c3 Nf6 6. cxd4 Bb4+ 7. Bd2 Bxd2+
8. Nbxd2 d5 9. exd5 Nxd5 10. O-O O-O 11. Qb3 Na5 12. Qb5 Nxc4 13. Nxc4 b6 14.
Nfe5 Bb7 15. Nc6 Bxc6 16. Qxc6 Nf4 17. Qe4 Qxd4 18. Rfe1 Qxe4 19. Rxe4 Ne6 20.
Rc1 c5 21. Rd1 Rfd8 22. Rxd8+ Rxd8 23. h3 h6 24. Re2 Nd4 25. Re7 Ra8 26. Kh2
Kf8 27. Rb7 Nc6 28. g4 Ne7 29. Kg3 g5 30. f4 gxf4+ 31. Kxf4 Rd8 32. Ke5 Rd5+
33. Kf6 Ng8# 0-1

[Event "CE Selecciones Autonómicas U14"]
[Site "Padrón"]
[Date "2017.06.22"]
[Round "1.4"]
[White "Quintas Fernandez, Paula"]
[Black "Gomez Larrinaga, Maria"]
[Result "1-0"]
[WhiteElo "1331"]
[BlackElo "1163"]
[PlyCount "89"]
[EventDate "2017.06.22"]
[EventType ""]
[EventRounds "6"]
[EventCountry "ESP"]
[WhiteTeam "Galicia (U14)"]
[BlackTeam "Cantabria (U14)"]
[WhiteTeamCountry "ESP"]
[BlackTeamCountry "ESP"]

1. e4 e5 2. Nf3 Nc6 3. Bb5 d6 4. d3 Nf6 5. c3 Bg4 6. Nbd2 Be7 7. h3 Bh5 8. Nf1
O-O 9. Ng3 Bg6 10. O-O Qd7 11. Re1 Rfe8 12. d4 exd4 13. cxd4 a6 14. Ba4 b5 15.
Bb3 d5 16. e5 Ne4 17. Nxe4 dxe4 18. d5 exf3 19. dxc6 Qxc6 20. Bd5 Qd7 21. Bxf7+
Bxf7 22. Qxd7 fxg2 23. Kxg2 Rac8 24. Qg4 g6 25. e6 h5 26. exf7+ Kxf7 27. Qe6+
Kg7 28. Qe3 Kf8 29. Qh6+ Kf7 30. Bg5 Bxg5 31. Qxg5 Rxe1 32. Rxe1 Re8 33. Rxe8
Kxe8 34. Qxg6+ Kf8 35. Qxa6 Ke8 36. Qxb5+ Kd8 37. a4 Kc8 38. a5 Kd8 39. a6 Kc8
40. a7 Kd8 41. a8=R+ Ke7 42. Qc6 Kf7 43. Ra7 Kf8 44. Qxc7 Ke8 45. Ra8# 1-0

[Event "CE Selecciones Autonómicas U14"]
[Site "Padrón"]
[Date "2017.06.22"]
[Round "1.1"]
[White "Pedchenko, Alex"]
[Black "Cespedes Llaverias, Llibert"]
[Result "0-1"]
[WhiteElo "1734"]
[BlackElo "2004"]
[PlyCount "107"]
[EventDate "2017.06.22"]
[EventType ""]
[EventRounds "6"]
[EventCountry "ESP"]
[WhiteTeam "Navarra (U14)"]
[BlackTeam "Catalunya (U14)"]
[WhiteTeamCountry "ESP"]
[BlackTeamCountry "ESP"]

1. d4 Nf6 2. Nf3 e6 3. Bf4 b6 4. Nbd2 Bb7 5. h3 c5 6. e3 cxd4 7. exd4 Be7 8.
Bd3 O-O 9. O-O d6 10. Bh2 Nbd7 11. Qe2 Rc8 12. c3 Re8 13. Ba6 Qc7 14. Bxb7 Qxb7
15. Rfe1 Bf8 16. Ne4 Nxe4 17. Qxe4 Qxe4 18. Rxe4 b5 19. Ree1 d5 20. a3 a5 21.
Rec1 Nb6 22. b4 axb4 23. cxb4 Rxc1+ 24. Rxc1 Nc4 25. Ne5 Ra8 26. Nxc4 dxc4 27.
Bf4 Rxa3 28. Rd1 c3 29. Rb1 Ra4 30. Rb3 Rxb4 31. Rxc3 Rxd4 32. g3 f6 33. Rc7 e5
34. Be3 Rc4 35. Rb7 b4 36. Kg2 Rc3 37. Kf3 Bc5 38. Rc7 Bxe3 39. Rxc3 bxc3 40.
Kxe3 Kf7 41. Kd3 c2 42. Kxc2 Ke6 43. Kd3 Kd5 44. Ke3 f5 45. h4 g6 46. Kf3 h6
47. Ke3 g5 48. h5 f4+ 49. gxf4 gxf4+ 50. Kf3 Ke6 51. Ke4 Kf6 52. Kd5 Kf5 53. f3
Kf6 54. Kd6 0-1

[Event "CE Selecciones Autonómicas U14"]
[Site "Padrón"]
[Date "2017.06.22"]
[Round "1.2"]
[White "Masague Artero, Guerau"]
[Black "Labiano Hernandez, Juan"]
[Result "1-0"]
[WhiteElo "1996"]
[BlackElo "1630"]
[PlyCount "115"]
[EventDate "2017.06.22"]
[EventType ""]
[EventRounds "6"]
[EventCountry "ESP"]
[WhiteTeam "Catalunya (U14)"]
[BlackTeam "Navarra (U14)"]
[WhiteTeamCountry "ESP"]
[BlackTeamCountry "ESP"]

1. d4 Nf6 2. c4 c5 3. d5 b5 4. cxb5 a6 5. bxa6 g6 6. Nc3 Bg7 7. Nf3 O-O 8. e4
d6 9. Be2 Qa5 10. O-O Bxa6 11. Nd2 Nbd7 12. Nb3 Qb4 13. Bxa6 Rxa6 14. a3 Qc4
15. Re1 Rb8 16. Nd2 Qd4 17. Qe2 Ne5 18. Qxa6 Nd3 19. Rf1 Nxc1 20. Nf3 Qd3 21.
Qa7 Rxb2 22. Qa8+ Bf8 23. Raxc1 Ng4 24. Rfd1 Qc4 25. Na4 Rc2 26. Rxc2 Qxc2 27.
Rf1 Qxe4 28. Nb6 Nf6 29. Rd1 Qc2 30. Qa4 Qb2 31. Nc4 Qe2 32. Ne3 Qb2 33. Nd2
Bh6 34. Qb3 Qe5 35. Nf3 Qf4 36. a4 g5 37. h3 Ne4 38. a5 c4 39. Qxc4 Bg7 40.
Qc8+ Bf8 41. Qf5 Nc3 42. Qxf4 gxf4 43. Rd3 Bg7 44. Nc4 Nb5 45. a6 e5 46. dxe6
fxe6 47. Nxd6 Na7 48. Rb3 e5 49. Rb8+ Bf8 50. Nxe5 f3 51. Nd7 fxg2 52. Rxf8+
Kg7 53. Rf6 h5 54. Nf5+ Kh7 55. Ne5 Kg8 56. Rf7 Nc6 57. a7 Nxa7 58. Ne7+ 1-0

[Event "CE Selecciones Autonómicas U14"]
[Site "Padrón"]
[Date "2017.06.22"]
[Round "1.3"]
[White "Salvatierra Alzorriz, Haizea"]
[Black "Ros Alonso, Joana"]
[Result "0-1"]
[WhiteElo "1605"]
[BlackElo "1961"]
[PlyCount "88"]
[EventDate "2017.06.22"]
[EventType ""]
[EventRounds "6"]
[EventCountry "ESP"]
[WhiteTeam "Navarra (U14)"]
[BlackTeam "Catalunya (U14)"]
[WhiteTeamCountry "ESP"]
[BlackTeamCountry "ESP"]

1. e4 e6 2. d4 d5 3. exd5 exd5 4. Nf3 Bd6 5. Bd3 Ne7 6. O-O Bg4 7. Re1 Nbc6 8.
c3 Qd7 9. Nbd2 f6 10. b4 O-O-O 11. a4 g5 12. a5 Rde8 13. b5 Nd8 14. Ba3 Ng6 15.
Bc5 Kb8 16. b6 Bxc5 17. dxc5 Nf4 18. Bf1 a6 19. bxc7+ Qxc7 20. Qb3 Rxe1 21.
Nxe1 Be2 22. Bxe2 Nxe2+ 23. Kf1 Re8 24. Qxd5 Qxh2 25. Qd6+ Qxd6 26. cxd6 Nxc3
27. Rc1 Ne4 28. Nxe4 Rxe4 29. d7 Nf7 30. Rc8+ Ka7 31. d8=Q Nxd8 32. Rxd8 Re5
33. Rh8 Rxa5 34. Rxh7 Rd5 35. Rc7 a5 36. Nc2 Kb6 37. Rc4 Rc5 38. Rxc5 Kxc5 39.
Ke2 b5 40. Kd3 b4 41. Na1 a4 42. Nc2 b3 43. Na3 Kb4 44. Nb1 a3 0-1

[Event "CE Selecciones Autonómicas U14"]
[Site "Padrón"]
[Date "2017.06.22"]
[Round "1.4"]
[White "Lisiewicz Jornet, Julia"]
[Black "Dorregarai Iparaguirre, Leire"]
[Result "0-1"]
[WhiteElo "1595"]
[BlackElo "1522"]
[PlyCount "100"]
[EventDate "2017.06.22"]
[EventType ""]
[EventRounds "6"]
[EventCountry "ESP"]
[WhiteTeam "Catalunya (U14)"]
[BlackTeam "Navarra (U14)"]
[WhiteTeamCountry "ESP"]
[BlackTeamCountry "ESP"]

1. e4 c5 2. c4 Nc6 3. Ne2 g6 4. d4 cxd4 5. Nxd4 Bg7 6. Nxc6 bxc6 7. Qc2 d6 8.
Be3 Nf6 9. h3 Qa5+ 10. Nd2 Bd7 11. g3 O-O 12. Bg2 Rab8 13. O-O Nh5 14. Nb3 Qc7
15. Qd2 c5 16. Rad1 Ba4 17. Qc2 Qb6 18. Rd3 Qc7 19. Qd2 Bxb3 20. axb3 Nf6 21.
Bh6 Rb4 22. Bxg7 Kxg7 23. Ra1 Nd7 24. Ra4 Rxa4 25. bxa4 Rb8 26. b3 Ne5 27. Qc3
Kg8 28. Re3 Nc6 29. Bf3 Nd4 30. Bd1 Qd7 31. Kh2 Rb4 32. Rd3 e5 33. Qd2 Qe7 34.
f4 a5 35. Qf2 exf4 36. Qxf4 Kg7 37. Re3 Qe5 38. h4 h6 39. Qf2 Qf6 40. Kg2 Qxf2+
41. Kxf2 Kf6 42. g4 g5 43. hxg5+ hxg5 44. Ke1 Ke5 45. Kf1 Rb8 46. Ke1 Rh8 47.
Kd2 Kf4 48. Kd3 Rh1 49. Be2 Rb1 50. Kd2 Rb2+ 0-1

[Event "CE Selecciones Autonómicas U14"]
[Site "Padrón"]
[Date "2017.06.22"]
[Round "1.1"]
[White "Reguillaga Elias, Manex"]
[Black "Alonso Garcia, Aaron"]
[Result "1-0"]
[WhiteElo "1817"]
[BlackElo "2121"]
[PlyCount "81"]
[EventDate "2017.06.22"]
[EventType ""]
[EventRounds "6"]
[EventCountry "ESP"]
[WhiteTeam "Euskadi (U14)"]
[BlackTeam "Murcia (U14)"]
[WhiteTeamCountry "ESP"]
[BlackTeamCountry "ESP"]

1. d4 Nf6 2. c4 e6 3. Nc3 Bb4 4. Qc2 O-O 5. Nf3 b6 6. g3 Bb7 7. Bg2 d6 8. O-O
Bxc3 9. bxc3 Nbd7 10. Re1 Be4 11. Qd1 Qe7 12. a4 a5 13. Ba3 Rfe8 14. Ne5 Bxg2
15. Kxg2 c5 16. Nc6 Qf8 17. e4 Rec8 18. d5 Ne5 19. Nxe5 dxe5 20. Rb1 Qd6 21.
Bc1 Nd7 22. Qd3 h6 23. Rd1 Rd8 24. f4 exf4 25. gxf4 e5 26. Qg3 Re8 27. f5 Nf6
28. Kf3 Kh7 29. Rg1 Rg8 30. Qh4 Ne8 31. Rb2 Rh8 32. Bg5 Kg8 33. Be7 Qc7 34.
Rbg2 Rh7 35. f6 Ra7 36. Rg4 Qd7 37. Qg3 Qxa4 38. Qxe5 Qd7 39. Rxg7+ Rxg7 40.
Rxg7+ Nxg7 41. Qg3 1-0

[Event "CE Selecciones Autonómicas U14"]
[Site "Padrón"]
[Date "2017.06.22"]
[Round "1.2"]
[White "Blesa Fernandez, Ignacio"]
[Black "Svyatoslav, Vorobyev"]
[Result "1/2-1/2"]
[WhiteElo "1759"]
[BlackElo "1781"]
[PlyCount "113"]
[EventDate "2017.06.22"]
[EventType ""]
[EventRounds "6"]
[EventCountry "ESP"]
[WhiteTeam "Murcia (U14)"]
[BlackTeam "Euskadi (U14)"]
[WhiteTeamCountry "ESP"]
[BlackTeamCountry "ESP"]

1. e4 e6 2. d4 d5 3. Nc3 Bb4 4. e5 Ne7 5. Qg4 c5 6. a3 Qa5 7. Bd2 cxd4 8. Qxd4
Nbc6 9. Qg4 d4 10. Ne4 Bxd2+ 11. Nxd2 Qxe5+ 12. Qe4 Qxe4+ 13. Nxe4 Nf5 14. Nf3
O-O 15. O-O-O Rd8 16. Bc4 b6 17. Rhe1 Bb7 18. Neg5 Na5 19. Bd3 h6 20. Ne4 Rac8
21. Kb1 Nc4 22. Bxc4 Rxc4 23. b3 Rc7 24. g4 Ne7 25. Rxd4 Rxd4 26. Nxd4 Rd7 27.
Nb5 Bc6 28. Nbc3 Rd4 29. Kc1 Ng6 30. Re3 Nh4 31. h3 Ng2 32. Rg3 Rxe4 33. Nxe4
Bxe4 34. Kd2 Nh4 35. Rc3 a5 36. Rc8+ Kh7 37. Rb8 Bg2 38. Rxb6 Bxh3 39. c4 Bxg4
40. c5 Nf3+ 41. Ke3 a4 42. Kf4 h5 43. c6 e5+ 44. Kg3 f5 45. bxa4 f4+ 46. Kg2
Nd2 47. c7 h4 48. Rb8 h3+ 49. Kh1 Nf1 50. Rb3 e4 51. f3 exf3 52. Rb2 Ng3+ 53.
Kh2 Nf1+ 54. Kh1 Ng3+ 55. Kh2 Ne2 56. Rb1 Ng3 57. Rb2 1/2-1/2

[Event "CE Selecciones Autonómicas U14"]
[Site "Padrón"]
[Date "2017.06.22"]
[Round "1.3"]
[White "Montes Gimenez, Mencia"]
[Black "Jimenez Fernandez, Rebeca"]
[Result "0-1"]
[WhiteElo "1392"]
[BlackElo "1697"]
[PlyCount "98"]
[EventDate "2017.06.22"]
[EventType ""]
[EventRounds "6"]
[EventCountry "ESP"]
[WhiteTeam "Euskadi (U14)"]
[BlackTeam "Murcia (U14)"]
[WhiteTeamCountry "ESP"]
[BlackTeamCountry "ESP"]

1. e4 c6 2. d4 d5 3. exd5 cxd5 4. Bd3 Nc6 5. c3 Nf6 6. Nf3 Bg4 7. O-O e6 8. Bf4
Bd6 9. Bxd6 Qxd6 10. Nbd2 O-O 11. Qc2 Rfc8 12. a3 Bh5 13. Rfe1 Rab8 14. Ne5
Nxd4 15. Qa4 Nc6 16. Nef3 Bg6 17. Bxg6 hxg6 18. Rad1 b5 19. Qh4 Ne7 20. Qd4 Nf5
21. Qd3 a5 22. Nd4 Nxd4 23. Qxd4 b4 24. axb4 axb4 25. Ne4 Nxe4 26. Rxe4 bxc3
27. Re2 cxb2 28. Rxb2 Rxb2 29. Qxb2 Qc5 30. g3 Qc2 31. Qa1 Qc3 32. Qb1 d4 33.
Kg2 e5 34. Kg1 Qc2 35. Kf1 Qxb1 36. Rxb1 Rc2 37. Rd1 f5 38. Ke1 Kf7 39. Kf1 Ke6
40. Ke1 Kd5 41. h3 e4 42. h4 Kc5 43. Kf1 Kc4 44. Ke1 d3 45. Kf1 Kc3 46. Ke1 Kb2
47. Rd2 Rxd2 48. Kxd2 Kb3 49. Ke3 Kc3 0-1

[Event "CE Selecciones Autonómicas U14"]
[Site "Padrón"]
[Date "2017.06.22"]
[Round "1.4"]
[White "Morillas Machetti, Marta"]
[Black "Garcia Bolanos, Irene"]
[Result "1-0"]
[WhiteElo "1447"]
[BlackElo "1271"]
[PlyCount "49"]
[EventDate "2017.06.22"]
[EventType ""]
[EventRounds "6"]
[EventCountry "ESP"]
[WhiteTeam "Murcia (U14)"]
[BlackTeam "Euskadi (U14)"]
[WhiteTeamCountry "ESP"]
[BlackTeamCountry "ESP"]

1. d4 d5 2. Nf3 Nc6 3. e3 Bf5 4. Bd3 Bg6 5. O-O e6 6. b3 Bd6 7. Bb2 Nf6 8. Nbd2
Ne4 9. Ne5 Qf6 10. f4 Bxe5 11. fxe5 Qg5 12. Qe1 Nxd2 13. Qxd2 Bxd3 14. cxd3 Ne7
15. Rad1 O-O 16. e4 Qxd2 17. Rxd2 Rad8 18. Rdf2 dxe4 19. dxe4 Rd7 20. Ba3 c6
21. d5 cxd5 22. exd5 exd5 23. e6 Rc7 24. Bd6 Rcc8 25. Bxe7 1-0

[Event "CE Selecciones Autonómicas U14"]
[Site "Padrón"]
[Date "2017.06.22"]
[Round "2.1"]
[White "Alonso Garcia, Aaron"]
[Black "Cuellar Montes, Alejandro"]
[Result "1-0"]
[WhiteElo "2121"]
[BlackElo "1942"]
[PlyCount "73"]
[EventDate "2017.06.22"]
[EventType ""]
[EventRounds "6"]
[EventCountry "ESP"]
[WhiteTeam "Murcia (U14)"]
[BlackTeam "Andalucia (U14)"]
[WhiteTeamCountry "ESP"]
[BlackTeamCountry "ESP"]

1. e4 e5 2. Nf3 Nc6 3. Bc4 Bc5 4. c3 Nf6 5. d3 O-O 6. O-O d5 7. exd5 Nxd5 8.
Re1 Bg4 9. h3 Bh5 10. Nbd2 Nb6 11. b4 Bd6 12. Bb3 Re8 13. a4 a5 14. b5 Nb8 15.
Ne4 h6 16. Be3 N8d7 17. Kh1 Bg6 18. Qe2 Kh8 19. g4 f5 20. gxf5 Bxf5 21. Rg1
Bxe4 22. dxe4 Qf6 23. Rg4 Bc5 24. Nh4 Bxe3 25. Qxe3 Rf8 26. Ng6+ Kh7 27. Nxf8+
Rxf8 28. Rag1 g5 29. h4 Qg6 30. f3 Nf6 31. R4g2 Qh5 32. Rh2 g4 33. fxg4 Nxg4
34. Qg3 Rf4 35. Bd1 Nf2+ 36. Rxf2 Rxh4+ 37. Rh2 1-0

[Event "CE Selecciones Autonómicas U14"]
[Site "Padrón"]
[Date "2017.06.22"]
[Round "2.2"]
[White "Clemente Chen, Alfredo"]
[Black "Blesa Fernandez, Ignacio"]
[Result "0-1"]
[WhiteElo "1870"]
[BlackElo "1759"]
[PlyCount "94"]
[EventDate "2017.06.22"]
[EventType ""]
[EventRounds "6"]
[EventCountry "ESP"]
[WhiteTeam "Andalucia (U14)"]
[BlackTeam "Murcia (U14)"]
[WhiteTeamCountry "ESP"]
[BlackTeamCountry "ESP"]

1. e4 c5 2. Nf3 e6 3. d3 a6 4. g3 b5 5. Bg2 Bb7 6. O-O d6 7. Re1 Nf6 8. a4 Nbd7
9. Nbd2 Be7 10. c3 O-O 11. Qe2 Qc7 12. b3 Rfe8 13. Bb2 Bc6 14. d4 bxa4 15. bxa4
Qb7 16. Ba3 Rab8 17. e5 dxe5 18. dxe5 Nd5 19. Ne4 Bxa4 20. h4 Qc7 21. Qd3 h6
22. c4 Nb4 23. Bxb4 Rxb4 24. g4 Rd8 25. Qc3 Rb3 26. Qc1 Rxf3 27. Bxf3 Nxe5 28.
Qf4 Nxf3+ 29. Qxf3 Bc6 30. Rxa6 Bxe4 31. Qxe4 Bxh4 32. Ra8 Rxa8 33. Qxa8+ Qd8
34. Qf3 Bf6 35. Rd1 Bd4 36. Kg2 Qf6 37. Qe2 Qe5 38. Qf3 Qf6 39. Qe2 e5 40. Rb1
Qg6 41. Rb8+ Kh7 42. Rb3 f5 43. Rg3 f4 44. Rh3 e4 45. Qd2 Qxg4+ 46. Kh2 f3 47.
Rg3 Be5 0-1

[Event "CE Selecciones Autonómicas U14"]
[Site "Padrón"]
[Date "2017.06.22"]
[Round "2.3"]
[White "Jimenez Fernandez, Rebeca"]
[Black "Barrera Garcia, Rocio"]
[Result "1-0"]
[WhiteElo "1697"]
[BlackElo "1591"]
[PlyCount "74"]
[EventDate "2017.06.22"]
[EventType ""]
[EventRounds "6"]
[EventCountry "ESP"]
[WhiteTeam "Murcia (U14)"]
[BlackTeam "Andalucia (U14)"]
[WhiteTeamCountry "ESP"]
[BlackTeamCountry "ESP"]

1. e4 d5 2. exd5 Qxd5 3. Nf3 Bg4 4. Be2 Nf6 5. d4 c6 6. O-O e6 7. Bf4 Qd8 8. c4
Bd6 9. Bxd6 Qxd6 10. h3 Bxf3 11. Bxf3 Nbd7 12. Nc3 O-O 13. d5 Ne5 14. dxc6 Qxd1
15. Bxd1 Nxc6 16. Bf3 Rac8 17. Nb5 a6 18. Nd6 Rb8 19. b3 Nd4 20. Bxb7 Rfd8 21.
c5 Rxd6 22. cxd6 Rxb7 23. Rfd1 Nb5 24. Rac1 g6 25. a4 Nxd6 26. Rxd6 a5 27. Ra6
Rxb3 28. Rxa5 Ra3 29. Ra8+ Kg7 30. a5 Nd5 31. Ra7 h5 32. Rb1 Ra4 33. Rbb7 Rf4
34. g3 Rf5 35. a6 Nc3 36. Rb3 Nb5 37. Rd7 Kf8 1-0

[Event "CE Selecciones Autonómicas U14"]
[Site "Padrón"]
[Date "2017.06.22"]
[Round "2.4"]
[White "Wang Qiu, Laura"]
[Black "Ruiz Pardo, Claudia"]
[Result "0-1"]
[WhiteElo "1554"]
[BlackElo "1588"]
[PlyCount "114"]
[EventDate "2017.06.22"]
[EventType ""]
[EventRounds "6"]
[EventCountry "ESP"]
[WhiteTeam "Andalucia (U14)"]
[BlackTeam "Murcia (U14)"]
[WhiteTeamCountry "ESP"]
[BlackTeamCountry "ESP"]

1. e4 c5 2. Nf3 e6 3. d3 Nc6 4. Nbd2 a6 5. g3 b5 6. Bg2 Bb7 7. O-O Qc7 8. Re1
d6 9. Qe2 Nf6 10. Nf1 Be7 11. c3 O-O 12. Bf4 Rac8 13. e5 Nd5 14. Qe4 Nxf4 15.
Qxf4 dxe5 16. Qe3 Rfd8 17. Nxe5 Nxe5 18. Bxb7 Qxb7 19. Qxe5 Rxd3 20. Re2 Bf6
21. Qh5 Qd7 22. Re4 g6 23. Qe2 Rd8 24. h4 h5 25. Rf4 Bg7 26. Kh2 Rd1 27. Rxd1
Qxd1 28. Re4 Qb1 29. a4 Rd1 30. Kg2 Rxf1 31. axb5 axb5 32. Re3 Rg1+ 33. Kh3
Rh1+ 34. Kg2 Qg1+ 35. Kf3 Rh2 36. Qe1 Qg2+ 37. Ke2 Bh6 38. b3 Bxe3 39. Kxe3 Rh1
40. Qd2 Qd5 41. b4 Qxd2+ 42. Kxd2 c4 43. Ke2 Ra1 44. Ke3 Rd1 45. Ke2 Rd3 46.
Ke1 Rxc3 47. Kd2 Rb3 48. Ke2 Rxb4 49. Kd2 Rb2+ 50. Ke3 c3 51. f3 Rd2 52. g4 b4
53. Kf4 b3 54. Kg5 b2 55. Kh6 b1=Q 56. g5 Qb8 57. f4 Qf8# 0-1

[Event "CE Selecciones Autonómicas U14"]
[Site "Padrón"]
[Date "2017.06.22"]
[Round "2.1"]
[White "Buisac Anadon, Pablo"]
[Black "Del Rio Perezagua, Mario"]
[Result "1/2-1/2"]
[WhiteElo "1679"]
[BlackElo "1610"]
[PlyCount "119"]
[EventDate "2017.06.22"]
[EventType ""]
[EventRounds "6"]
[EventCountry "ESP"]
[WhiteTeam "Aragon (U14)"]
[BlackTeam "Castilla La Mancha (U14)"]
[WhiteTeamCountry "ESP"]
[BlackTeamCountry "ESP"]

1. d4 Nf6 2. Nf3 g6 3. Bf4 Bg7 4. e3 O-O 5. Be2 d6 6. h3 Nbd7 7. O-O c6 8. c4
a6 9. Nc3 b5 10. Qb3 Qb6 11. Rac1 Bb7 12. Rfd1 Rfc8 13. Qc2 Qa5 14. a3 b4 15.
axb4 Qxb4 16. Ra1 c5 17. d5 Nb6 18. e4 Nbd7 19. Be3 Rcb8 20. Ra4 Qb6 21. b4 Bc8
22. Rb1 Qc7 23. bxc5 Rxb1+ 24. Qxb1 Nxc5 25. Rb4 Nfd7 26. Bd4 Rb8 27. Rxb8 Qxb8
28. Qxb8 Nxb8 29. Bxg7 Kxg7 30. Nd4 Bb7 31. Bd1 Nbd7 32. Nc6 Kf8 33. Bg4 Nf6
34. Bf3 Ke8 35. Na5 Bc8 36. Kf1 Nfd7 37. Bd1 Nb6 38. Ke2 Bd7 39. f4 f6 40. Ke3
Bc8 41. g4 Nb7 42. Nxb7 Bxb7 43. Kd4 Nd7 44. Na4 Kd8 45. c5 dxc5+ 46. Nxc5 Nxc5
47. Kxc5 Kc7 48. e5 fxe5 49. fxe5 Bc8 50. d6+ exd6+ 51. exd6+ Kd8 52. g5 Bxh3
53. Bb3 Kd7 54. Ba4+ Kd8 55. Bb3 Kd7 56. Ba4+ Kd8 57. Kd5 Bd7 58. Bb3 Ke8 59.
Ke5 a5 60. Kf6 1/2-1/2

[Event "CE Selecciones Autonómicas U14"]
[Site "Padrón"]
[Date "2017.06.22"]
[Round "2.2"]
[White "Bustos Bernardo, Diego"]
[Black "Hususan, Melisa"]
[Result "1-0"]
[WhiteElo "1591"]
[BlackElo "1548"]
[PlyCount "105"]
[EventDate "2017.06.22"]
[EventType ""]
[EventRounds "6"]
[EventCountry "ESP"]
[WhiteTeam "Castilla La Mancha (U14)"]
[BlackTeam "Aragon (U14)"]
[WhiteTeamCountry "ESP"]
[BlackTeamCountry "ESP"]

1. Nf3 d5 2. d4 Nc6 3. c4 Nf6 4. Nc3 e6 5. Bg5 Be7 6. e3 O-O 7. Rc1 h6 8. Bh4
Nb4 9. a3 Na6 10. Bd3 c5 11. cxd5 Nxd5 12. Bxe7 Qxe7 13. Nxd5 exd5 14. Bxa6
bxa6 15. Rxc5 Qe4 16. Qc2 Qg4 17. O-O Bf5 18. Ne5 Qg5 19. Qe2 Rfd8 20. Rc7 Be6
21. Kh1 Rdc8 22. Rxc8+ Rxc8 23. Qxa6 Rc2 24. b4 Qf5 25. Nf3 Rc7 26. Qb5 Qc2 27.
Qb8+ Kh7 28. Qb5 Qb3 29. Qa6 Bf5 30. Nd2 Qc2 31. Qa5 Bd3 32. Rg1 Rd7 33. b5 Qb2
34. a4 Bc2 35. Nf3 f6 36. Qe1 Bxa4 37. e4 Qxb5 38. e5 Re7 39. Qd2 Kg8 40. exf6
Re2 41. Qf4 gxf6 42. Qxf6 Qb6 43. Qh4 Bc2 44. Ne5 Re4 45. Qg3+ Kh7 46. Rc1 Rxd4
47. Qf3 Qb7 48. h3 Be4 49. Qg3 a5 50. Ng4 Kg6 51. Qd6+ Kg5 52. Qf6+ Kh5 53.
Qxh6# 1-0

[Event "CE Selecciones Autonómicas U14"]
[Site "Padrón"]
[Date "2017.06.22"]
[Round "2.3"]
[White "Barrado Cervera, Maria"]
[Black "Roldan Hernandez, Lucia"]
[Result "0-1"]
[WhiteElo "1334"]
[BlackElo "1502"]
[PlyCount "54"]
[EventDate "2017.06.22"]
[EventType ""]
[EventRounds "6"]
[EventCountry "ESP"]
[WhiteTeam "Aragon (U14)"]
[BlackTeam "Castilla La Mancha (U14)"]
[WhiteTeamCountry "ESP"]
[BlackTeamCountry "ESP"]

1. e4 e5 2. Nf3 Nc6 3. Bc4 Be7 4. d4 exd4 5. Nxd4 Nf6 6. Nxc6 bxc6 7. e5 Ne4 8.
Qf3 d5 9. exd6 Nxd6 10. Qxc6+ Bd7 11. Qa6 Nxc4 12. Qxc4 Rb8 13. Nc3 O-O 14. O-O
Bd6 15. Ne4 Bb5 16. Qc3 Bxf1 17. Nxd6 Qxd6 18. Kxf1 Qd1+ 19. Qe1 Qxc2 20. Qc3
Qd1+ 21. Qe1 Qd6 22. g3 Rfe8 23. Qc3 Qd5 24. Kg1 Qd1+ 25. Kg2 Re1 26. Qxc7 Rg1+
27. Kh3 Qh5# 0-1

[Event "CE Selecciones Autonómicas U14"]
[Site "Padrón"]
[Date "2017.06.22"]
[Round "2.4"]
[White "Caparros Armand, M Isabel"]
[Black "Lopez Pilleux, Alejandro"]
[Result "0-1"]
[WhiteElo "1255"]
[BlackElo "1200"]
[PlyCount "88"]
[EventDate "2017.06.22"]
[EventType ""]
[EventRounds "6"]
[EventCountry "ESP"]
[WhiteTeam "Castilla La Mancha (U14)"]
[BlackTeam "Aragon (U14)"]
[WhiteTeamCountry "ESP"]
[BlackTeamCountry "ESP"]

1. e4 e5 2. Nf3 d6 3. Be2 Be7 4. O-O Nf6 5. d3 O-O 6. Nbd2 Nbd7 7. c3 Nc5 8.
Qc2 Re8 9. Re1 Bf8 10. b4 Ne6 11. d4 exd4 12. cxd4 Nf4 13. Bf1 Bg4 14. h3 Bh5
15. Qc3 c6 16. Nb3 Bxf3 17. Qxf3 Ng6 18. Bd3 Nd7 19. Bd2 Be7 20. Rac1 Bf6 21.
Qg4 Ndf8 22. b5 c5 23. dxc5 dxc5 24. Nxc5 Ne5 25. Qe2 b6 26. Na6 Nxd3 27. Nc7
Nxc1 28. Rxc1 Rc8 29. Nxe8 Qxe8 30. Re1 Rc2 31. Qd3 Rxa2 32. e5 Be7 33. Qd5 Rb2
34. Bc1 Rxb5 35. Qc4 Bb4 36. Re4 Ba5 37. Ba3 Rxe5 38. Rg4 Ng6 39. Bb2 Re1+ 40.
Kh2 Re2 41. Qd4 Qe5+ 42. Qxe5 Nxe5 43. Rg5 f6 44. Rg3 Rxb2 0-1